LEADER 02645nam 2200565 450
001 9910463699103321
005 20200520144314.0
010 $a1-4985-0235-0
035 $a(CKB)2670000000601379
035 $a(EBL)1987864
035 $a(SSID)ssj0001440722
035 $a(PQKBManifestationID)12558398
035 $a(PQKBTitleCode)TC0001440722
035 $a(PQKBWorkID)11393457
035 $a(PQKB)10888415
035 $a(MiAaPQ)EBC1987864
035 $a(Au-PeEL)EBL1987864
035 $a(CaPaEBR)ebr11032525
035 $a(CaONFJC)MIL751055
035 $a(OCoLC)904960032
035 $a(EXLCZ)992670000000601379
100 $a20150326h20152015 uy 0
101 0 $aeng
135 $aur|n|---|||||
181 $ctxt
182 $cc
183 $acr
200 10$aMomentum and the East Timor independence movement $ethe origins of America's debate on East Timor /$fShane Gunderson
210 1$aLanham, Maryland :$cLexington Books,$d2015.
210 4$dİ2015
215 $a1 online resource (181 p.)
300 $aDescription based upon print version of record.
311 $a1-4985-0234-2
311 $a1-336-19769-2
320 $aIncludes bibliographical references and index.
327 $aContents; List of Abbreviations; Foreword; Preface; Acknowledgments; 1 The Rationality of Social Movement Momentum; 2 Broken Promises of Non-Interference in East Timor; 3 The East Timor Debate Comes to Cornell; 4 U.S. Campaigns of the East Timor Independence Movement; 5 Turning Points, 1980-1992; 6 The Campaign of 1993-1994; 7 Intra-East Timorese Dialogue Campaign, 1995-1996; 8 Turning Points, 1996-1998; 9 Turning Points, 1999; 10 Conclusion; Appendix; Bibliography; Index; About the Author
330 $aThis book examines the campaigns by people in the United States on behalf of those seeking peace for East Timor. Through interviews with activists and intellectuals involved in the movement from 1975 to 1999, it explores "momentum" and "turning points" as perceptions in the minds of individual movement actors.
606 $aProtest movements$zUnited States$xHistory$y20th century
607 $aTimor-Leste$xHistory$xAutonomy and independence movements
608 $aElectronic books.
615 0$aProtest movements$xHistory
676 $a959.87/032
700 $aGunderson$b Shane$0953347
801 0$bMiAaPQ
801 1$bMiAaPQ
801 2$bMiAaPQ
906 $aBOOK
912 $a9910463699103321
996 $aMomentum and the East Timor independence movement$92155238
997 $aUNINA
LEADER 02372nam 2200769zu 450
001 9910155282803321
005 20210803234314.0
010 $a9783318015874
010 $a3318015873
035 $a(CKB)3780000000102082
035 $a(SSID)ssj0000578725
035 $a(PQKBManifestationID)12289999
035 $a(PQKBTitleCode)TC0000578725
035 $a(PQKBWorkID)10588228
035 $a(PQKB)10622823
035 $a(OCoLC)849647625
035 $a(SZ-BaSKA)222297
035 $a(MiAaPQ)EBC31865689
035 $a(Au-PeEL)EBL31865689
035 $a(Perlego)825463
035 $a(EXLCZ)993780000000102082
100 $a20160829d1992 uy
101 0 $aeng
135 $aurunu|||||
181 $ctxt
182 $cc
183 $acr
200 00$aRegulation and functional significance of T-cell subsets
205 $a1st ed.
210 31$a[Place of publication not identified]$cKarger$d1992
215 $a1 online resource (X + 218 pages) : $c 30 figures, 10 tables
225 1 $aIssn Series
300 $aBibliographic Level Mode of Issuance: Monograph
311 08$a9783805555777
311 08$a3805555776
327 $aCIA199205400I.PDF.pdf -- CIA1992054001 -- CIA1992054021 -- CIA1992054044 -- CIA1992054060 -- CIA1992054072 -- CIA1992054088 -- CIA1992054103 -- CIA1992054117 -- CIA1992054136 -- CIA1992054151 -- CIA1992054166 -- CIA1992054189 -- CIA1992054213 -- 214.
410 0$aIssn Series
606 $aLymphocytes
606 $aLymphocyte Subsets
606 $aLeukocytes, Mononuclear
606 $aLeukocytes
606 $aBlood Cells
606 $aImmune System
606 $aBlood
606 $aHemic and Immune Systems
606 $aCells
606 $aAnatomy
606 $aT-Lymphocyte Subsets
606 $aT-Lymphocytes
615 2$aLymphocytes.
615 2$aLymphocyte Subsets.
615 2$aLeukocytes, Mononuclear.
615 2$aLeukocytes.
615 2$aBlood Cells.
615 2$aImmune System.
615 2$aBlood.
615 2$aHemic and Immune Systems.
615 2$aCells.
615 2$aAnatomy.
615 2$aT-Lymphocyte Subsets.
615 2$aT-Lymphocytes.
702 $aCoffman$b Robert L
801 0$bPQKB
906 $aBOOK
912 $a9910155282803321
996 $aRegulation and functional significance of T-cell subsets$92788407
997 $aUNINA